| 000 | 01123aam a2200337 a 4500 | ||
|---|---|---|---|
| 001 | 015874021 | ||
| 003 | OSt | ||
| 005 | 20140324102828.0 | ||
| 008 | 120208s2012 xxkb frb 001 0 eng d | ||
| 020 | _a9780230319264 (hbk.) | ||
| 020 | _a0230319262 (hbk.) | ||
| 040 |
_aStDuBDS _beng _cStDuBDS _dUk |
||
| 043 | _aas----- | ||
| 082 | 0 | 4 |
_a341.2473 _222 _bJON |
| 100 | 1 |
_aJones, Lee, _d1981- _935758 |
|
| 245 | 1 | 0 |
_aASEAN sovereignty and intervention in Southeast Asia / _cLee Jones. |
| 250 | _a1st ed. | ||
| 260 |
_aHampshire, United Kingdom : _bPalgrave Macmillan, _c2012. |
||
| 300 |
_axvi, 262 p. : _bmap ; _c23 cm. |
||
| 500 | _aIndex : p. 253-262. | ||
| 504 | _aBibliography : p. 234-252. | ||
| 610 | 2 | 0 |
_aASEAN. _935759 |
| 650 | 0 |
_aSovereignty _99312 |
|
| 650 | 0 |
_aIntervention (International law) _99318 |
|
| 650 | 0 |
_aRegionalism (International organization) _zSoutheast Asia. _935760 |
|
| 651 | 0 |
_aSoutheast Asia _xForeign relations _932251 |
|
| 651 | 0 |
_aSoutheast Asia _xPolitics and government _y1945- _912044 |
|
| 653 |
_bBUSBOL _cMarch2014 |
||
| 655 |
_vreading book _934232 |
||
| 942 |
_2ddc _k341.2473 JON |
||
| 999 |
_c18161 _d18133 |
||